Discoveries; activity book 1 /
Guardado en:
| Autor Principal: | |
|---|---|
| Formato: | Libro |
| Publicado: |
London :
Longman,
1886
|
| Materias: | |
| Etiquetas: |
Agregar Etiqueta
Sin Etiquetas, Sea el primero en etiquetar este registro!
|
| LEADER | 00747nam a22002295a 4500 | ||
|---|---|---|---|
| 001 | CEM.cems002239 | ||
| 005 | 20060216000000.0 | ||
| 008 | 130507s1886##################000#0#####d | ||
| 003 | CEMS | ||
| 082 | 0 | 4 | |a 428.64 |
| 100 | 1 | |a Elsworth, Steve | |
| 245 | 1 | 0 | |a Discoveries; activity book 1 / |
| 260 | |a London : |b Longman, |c 1886 | ||
| 300 | |a 61 p. | ||
| 653 | |a Ingles | ||
| 653 | |a Ingles 1er. año | ||
| 653 | |a Ingles-actividades | ||
| 653 | |a Ingles-textos | ||
| 859 | |a CEMS |b BIB. CEMS - 11 de abril |h 428.64 |i EL79/I |p 15165.88 |t Ej.1 | ||
| 859 | |a CEMS |b BIB. CEMS - 11 de abril |h 428.64 |i EL79/I |p 16859.93 |t Ej.3 | ||
| 859 | |a CEMS |b BIB. CEMS - 11 de abril |h 428.64 |i EL79/I |p 17118.93 |t Ej.4 | ||
| 859 | |a CEMS |b BIB. CEMS - 11 de abril |h 428.64 |i EL79/I |p 49.99 |t Ej.2 | ||
